| 000 | 00554nam a22001817a 4500 | ||
|---|---|---|---|
| 003 | OSt | ||
| 005 | 20120302151016.0 | ||
| 008 | 090911t xxu||||| |||| 00| 0 eng d | ||
| 035 | _a१४१२२ | ||
| 040 | _cमराठी | ||
| 100 |
_aदेवळे,शं. रा. _98716 |
||
| 222 | _aतीर्थक्षेत्रे | ||
| 245 | _aआपले देव आपली दैवते - २ | ||
| 250 | _a१ ली | ||
| 260 |
_aपुणे _bशकुन _c१९८७ |
||
| 300 | _b१२० पाने | ||
| 942 |
_2ddc _cBOOK |
||
| 999 |
_c493540 _d493537 |
||